• 首页
  • 本馆介绍
  • 公告通知
  • 最新文献
  • 馆藏检索
  • 电子资源
  • 读者导购
  • 参考咨询
  • 我的图书馆
  • 登录
  • 详细信息显示
  • 放入我的书架
  • 预约/预借图书
  • 作者相关作品
  • 分类相关作品
  • 丛书相关作品
  • 出版社相关作品

书目信息

  • 表格格式
  • 工作单格式
  • 卡片格式
题名:
税法(I)经典题解
    
 
作者: ;中华会计网校 编
分册:  
出版信息: 北京   人民出版社  2020
页数: 319页
开本: 26cm
丛书名: 考试梦想成真系列辅导丛书
单 册:
中图分类: D922.220.4 , D922.2
科图分类:
主题词: 税法--中国--资格考试--题解
电子资源:
ISBN: 978-7-01-021830-4
000 00982oam2 2200289 450
001 2363273450
005 20231214173453.73
010    @a978-7-01-021830-4@dCNY 69.00
100    @a20210409d2020 em y0chiy50 ea
101 0  @achi
102    @aCN@b110000
105    @ay q 000yy
200 1  @a税法(I)经典题解@Ashui fa (I) jing dian ti jie@f中华会计网校编
210    @a北京@c人民出版社@d2020
215    @a319页@d26cm
225 1  @a考试梦想成真系列辅导丛书
300    @a2020年度全国税务师职业资格考试
300    @a2020年度税务师梦想成真系列
300    @a根据2020年度国家税务师职业资格考试大纲编写
330    @a本书内容包括:税法基本原理、增值税、消费税、资源税、车辆购置税、土地增值税、关税、环境保护税等。
461  0 @12001 @a考试梦想成真系列辅导丛书
606 0  @a税法@y中国@x资格考试@j题解
690    @aD922.220.4@v5
690    @aD922.2@v4
711 02 @a中华会计网校@Azhong hua kuai ji wang xiao@4编
801  0 @aCN@b安徽时代@c20230923
905    @aZUCC@dD922.2@e38
    
    税法(I)经典题解/中华会计网校编.-北京:人民出版社,2020
    319页;26cm.-(考试梦想成真系列辅导丛书)
    2020年度全国税务师职业资格考试.-2020年度税务师梦想成真系列.-根据2020年度国家税务师职业资格考试大纲编写
    
    ISBN 978-7-01-021830-4:CNY 69.00
    本书内容包括:税法基本原理、增值税、消费税、资源税、车辆购置税、土地增值税、关税、环境保护税等。
●
相关链接 在五车中查询图书 在当当中查询图书 在豆瓣中查询图书


正题名:税法(I)经典题解     索取号:D922.2/38         预约/预借

序号 登录号 条形码 馆藏地/架位号 状态 备注
1 2001518355   2001518355   未来学习中心/31/ [索取号:D922.2/38] 在馆    
2 2001518356   2001518356   未来学习中心/31/ [索取号:D922.2/38] 在馆    
3 2001518357   2001518357   未来学习中心/31/ [索取号:D922.2/38] 在馆    
4 2001518358   2001518358   未来学习中心/31/ [索取号:D922.2/38] 在馆    
5 2001518359   2001518359   未来学习中心/31/ [索取号:D922.2/38] 在馆    
6 2001518360   2001518360   未来学习中心/31/ [索取号:D922.2/38] 在馆    
7 2001518361   2001518361   未来学习中心/31/ [索取号:D922.2/38] 在馆    
8 2001518362   2001518362   未来学习中心/31/ [索取号:D922.2/38] 在馆    
9 2001518363   2001518363   未来学习中心/31/ [索取号:D922.2/38] 在馆    
10 2001518364   2001518364   未来学习中心/31/ [索取号:D922.2/38] 在馆    
11 2001518365   2001518365   未来学习中心/31/ [索取号:D922.2/38] 在馆    
12 2001518366   2001518366   未来学习中心/31/ [索取号:D922.2/38] 在馆    
13 2001518367   2001518367   未来学习中心/31/ [索取号:D922.2/38] 在馆    
14 2001518368   2001518368   未来学习中心/31/ [索取号:D922.2/38] 在馆    
15 2001518369   2001518369   未来学习中心/31/ [索取号:D922.2/38] 在馆    
16 2001518370   2001518370   未来学习中心/31/ [索取号:D922.2/38] 在馆    
17 2001518371   2001518371   未来学习中心/31/ [索取号:D922.2/38] 在馆    
18 2001518372   2001518372   未来学习中心/31/ [索取号:D922.2/38] 在馆    
19 2001518373   2001518373   未来学习中心/31/ [索取号:D922.2/38] 在馆    
20 2001518374   2001518374   未来学习中心/31/ [索取号:D922.2/38] 在馆    
21 2001518375   2001518375   未来学习中心/31/ [索取号:D922.2/38] 在馆    
22 2001518376   2001518376   未来学习中心/31/ [索取号:D922.2/38] 在馆    
23 2001518377   2001518377   未来学习中心/31/ [索取号:D922.2/38] 在馆    
24 2001518378   2001518378   未来学习中心/31/ [索取号:D922.2/38] 在馆    
25 2001518379   2001518379   未来学习中心/31/ [索取号:D922.2/38] 在馆    
26 2001518380   2001518380   未来学习中心/31/ [索取号:D922.2/38] 在馆    
27 2001518381   2001518381   未来学习中心/31/ [索取号:D922.2/38] 在馆    
28 2001518382   2001518382   未来学习中心/31/ [索取号:D922.2/38] 在馆    
29 2001518383   2001518383   未来学习中心/31/ [索取号:D922.2/38] 在馆    
30 2001518384   2001518384   未来学习中心/31/ [索取号:D922.2/38] 在馆    
山东省滨州职业学院图书馆 欢迎您!
大连网信软件有限公司© 版权所有